000 00596nam a2200193 i 4500
001 44766
003 ES-MaACL
007 t|
008 030324s1953 sp ||||1| spa d
100 1 _aClarence, W. H.
_939008
245 1 3 _aEl guión cinematográfico
_b: qué es y como se hace /
_cW. H. Clarence ; versión castellana de F. Ruiz Delgado.
260 _aBarcelona :
_bFama,
_c[1953]
300 _a139 p. ;
_c22 cm.
490 1 _aSerie técnica
700 1 _aRuiz Delgado, F.
_9100783
830 0 _aSerie técnica
_9180903
852 _aES-MaACL
_jC-7048
_bR.35557
999 _c44766
_d44766